Spell the Marvel Character #245 - Statistics

General Stats
  • This quiz has been taken 12 times
  • The average score is 5 of 6
Answer Stats
Picture Answer % Correct
Angel
92%
Ms. Marvel
92%
Okoye
83%
Man-oo
67%
Old Lace
67%
Night Thrasher
58%
No matching quizzes found
Score Distribution
Percent of People with Each Score
Percentile by Number Answered
Your Score History
You have not taken this quiz